Pharaohs of Ancient Egypt - Statistics

General Stats
  • This quiz has been taken 2,366 times
  • The average score is 45 of 292
Answer Stats
Pharaohs % Correct
Tutankhamun
88%
Cleopatra I
81%
Cleopatra II
81%
Cleopatra III
81%
Cleopatra VI
81%
Cleopatra VII
81%
Ramesses I
61%
Ramesses II
61%
Ramesses III
61%
Ramesses IV
61%
Ramesses IX
61%
Ramesses V
61%
Ramesses VI
61%
Ramesses VII
61%
Ramesses VIII
61%
Ramesses X
61%
Ramesses XI
61%
Amenhotep IV/Akhenaten
58%
Ptolemy X
54%
Ptolemy XI
54%
Ptolemy I
50%
Ptolemy II
49%
Ptolemy III
49%
Ptolemy IV
49%
Ptolemy IX
49%
Ptolemy V
49%
Ptolemy VI
49%
Ptolemy VII
49%
Ptolemy VIII
49%
Ptolemy XII
49%
Ptolemy XIII
49%
Ptolemy XIV
49%
Ptolemy XV
49%
Amenhotep I
48%
Amenhotep II
48%
Amenhotep III
48%
Khufu
48%
Hatshepsut
47%
Thutmose I
38%
Thutmose II
38%
Thutmose III
38%
Thutmose IV
38%
Seti I
37%
Seti II
37%
Narmer
34%
Sekhemkhet
32%
Alexander III
31%
Alexander IV
31%
Djoser
30%
Awybre Hor I
29%
Khafre
28%
Pepi I
25%
Pepi II
25%
Pepi III *
24%
Ay I
23%
Ay II
23%
Ahmose
22%
Ahmose II
21%
Senakhtenre
21%
Menkaura
20%
Sneferu
20%
Horemheb
18%
Darius I
17%
Darius II
17%
Darius III
17%
Peribsen
14%
Sesostris I
14%
Sesostris II
14%
Sesostris III
14%
Amenemhat I
13%
Amenemhat II
13%
Amenemhat III
13%
Amenemhat IV
13%
Amenemhat V
13%
Amenemhat VI
13%
Djer
13%
Djet
13%
Mentuhotep I
13%
Mentuhotep II
13%
Mentuhotep III
13%
Mentuhotep IV
13%
Mentuhotep V
13%
Mentuhotep VI
13%
Teti
13%
Artaxerxes I
12%
Artaxerxes III
12%
Artaxerxes IV
12%
Den
12%
Djedefre
12%
Intef I
11%
Intef II
11%
Intef III
11%
Intef V
11%
Intef VI
11%
Intef VII
11%
Qa'a
11%
Cambyses
10%
Huni
10%
Intef IV
10%
Kamose
10%
Siptah
10%
Smenkhkare
10%
Unas
10%
Amenemnisu
9%
Berenice IV
9%
Hor-Aha
9%
Merenptah
9%
Necho I
9%
Necho II
9%
Nectanebo I
9%
Nectanebo II
9%
Neitiqerty Siptah
9%
Philip III
9%
Seqenenre Tao
9%
Shoshenq I
9%
Shoshenq II
9%
Shoshenq III
9%
Shoshenq IV
9%
Shoshenq V
9%
Shoshenq VI
9%
Sobekhotep I
9%
Sobekhotep II
9%
Sobekhotep III
9%
Sobekhotep IV
9%
Sobekhotep V
9%
Sobekhotep VI
9%
Sobekhotep VII
9%
Sobekhotep VIII
9%
Taharqa
9%
Khaba
8%
Nebiriau II
8%
Neferirkare Kakai
8%
Neferkare II
8%
Neferkare III
8%
Neferkare IV
8%
Neferkare V
8%
Neferkare VI
8%
Neferkare VII
8%
Nyuserre Ini
8%
Piye
8%
Psammetichus I
8%
Psammetichus II
8%
Psammetichus III
8%
Psusennes I
8%
Psusennes II
8%
Sahure
8%
Semerkhet
8%
Shebaka
8%
Shepseskare
8%
Sobekkare
8%
Userkaf
8%
Amenmesse
7%
Apepi
7%
Djedkare Isesi
7%
Hotepsekhemwy
7%
Khasekhem(wy)
7%
Menkare
7%
Nebra
7%
Neferirkare II
7%
Shepseskaf
7%
Wahkare Khety *
7%
Xerxes I
7%
Amenemope
6%
Anedjib
6%
Djedkare II
6%
"Horus bird" *
6%
Khety I
6%
Khety II
6%
Menkauhor
6%
Merneith *
6%
Neferefre
6%
Neferhotep I
6%
Neferhotep II
6%
Nynetjer
6%
Rahotep
6%
Sanakhte
6%
Senedj *
6%
Takelot I
6%
Takelot II
6%
Takelot III
6%
Userkare
6%
Xerxes II
6%
Achoris
5%
Apepi *
5%
Apries
5%
Bakenranef
5%
Dedumose I
5%
Dedumose II
5%
Djedefptah *
5%
Ibi I
5%
Iuput I
5%
Khamudi
5%
Merenhor
5%
Merenre Nemtyemsaf I
5%
Merhotepre Ini
5%
Meryhathor
5%
Neferkamin II
5%
Nepherites I
5%
Nepherites II
5%
Nikare
5%
Pami
5%
Pedubast
5%
Rudamun
5%
Sewadjkare II
5%
Siamun
5%
Sneferka *
5%
Sobekemsaf I
5%
Sobekemsaf II
5%
Tantamani
5%
Tausert
5%
Wahibre Ibiau
5%
Weneg *
5%
Amyrtaeus
4%
Djehuti
4%
Ined
4%
Iufni
4%
Khendjer
4%
Khutawyre Wegaf
4%
Khyan
4%
Merenre Nemtyemsaf II
4%
Merkare
4%
Neferkahor
4%
Neferkauhor
4%
Neferkaure
4%
Nehesy
4%
Osorkson IV
4%
Qareh Khawoserre
4%
Renseneb
4%
Salitis
4%
Sehetepibre I
4%
Semenkare
4%
Senen
4%
Sewadjkare I
4%
Sewadjkare III
4%
Sheshi
4%
Sihathor
4%
Smerdis
4%
Snaaib
4%
Tefnakht I
4%
Teos
4%
Yakbim
4%
Ameny Qemau
3%
Ammu Ahotepre
3%
Anati Djedkare *
3%
'Aper-'Anat *
3%
Bebiankh
3%
Bebnum *
3%
Djedkheperew
3%
Imyremeshaw
3%
Khababash
3%
Khakherewre
3%
Menkamin I
3%
Merdjefare
3%
Merkheperre
3%
Nebiryraw I
3%
Nedjemibre
3%
Nerikare
3%
Osorkson I
3%
Osorkson II
3%
Osorkson III
3%
Osorkson (the elder)
3%
Psammuthes
3%
Sakir-Har
3%
Sebkay
3%
Sehebre
3%
Sehetepibre II
3%
Sekhemib-Perenmaat *
3%
Semenre
3%
Semqen *
3%
Senebmiu
3%
Setakht
3%
Seth Meribre
3%
Smendes I
3%
Sogdianus
3%
Sonbef
3%
Webenre
3%
Ya'ammu
3%
Ankhmakis
2%
Hugronaphor
2%
Marikare
2%
Montuemsaf Djedankhre
2%
Nebdjefare
2%
Nebefawre
2%
Netrikare
2%
Sankhenre
2%
Sedjefakare
2%
Sekhemrekhutawy Khabaw
2%
Sekheperenre *
2%
Shekitku
2%
No matching quizzes found
Score Distribution
Percent of People with Each Score
Percentile by Number Answered
Your Score History
You have not taken this quiz